000 00334nam a2200133Ia 4500
005 20260328104345.0
008 260328s9999||||xx |||||||||||||| ||und||
100 _aAyala, Ulpiano
245 0 _aLa Problematica Urbana hoy en Colombiana /
_cUlpiano Ayala
260 _bCinep
300 _a332 p.
650 _aCOLOMBIA
942 _cBK
999 _c12284
_d12284